Compendium latino-hispanum ad utriusque linguae cognitionem veluti lumen / (Record no. 164405)

MARC details
000 -LEADER
campo de control de longitud fija 01373nam a22002415i 4500
001 - NÚMERO DE CONTROL
campo de control 164405
003 - IDENTIFICADOR DE NÚMERO DE CONTROL
campo de control ES-MaACL
005 - FECHA Y HORA DE LA ÚLTIMA TRANSACCIÓN
campo de control 20251122063135.0
008 - DATOS DE LONGITUD FIJA--INFORMACIÓN GENERAL
campo de control de longitud fija 990430s1796 sp |||| | lat d
040 ## - FUENTE DE CATALOGACIÓN
Centro catalogador/agencia de origen M-RACE
Lengua de catalogación spa
Centro/agencia transcriptor M-RACE
Centro/agencia modificador CCPB | B
100 1# - ENTRADA PRINCIPAL--NOMBRE DE PERSONA
Nombre de persona Salas, Pedro de,
Fechas asociadas al nombre 1584-1664
9 (RLIN) 156864
245 10 - MENCIÓN DEL TÍTULO
Título Compendium latino-hispanum ad utriusque linguae cognitionem veluti lumen /
Mención de responsabilidad, etc. Petri de Salas ; accedunt verba sacra ex adversariis Joannis Ludovici de la Cerda diligenter excerpta ; atque etiam hebraica, latino, ac hispano sermoni tam fideliter reddita, ut nihil ultra desiderandum esse videatur.
250 ## - MENCION DE EDICION
Mención de edición Editio novissima, longè prae caeteris castigata, magno vocabulorum numero, in gratiam, atque usum studiosae juventutis adaucta, crassisque erroribus summâ vigilantiâ expurgata
Resto de la mención de edición a D. Francisco Cepeda.
260 ## - PUBLICACIÓN, DISTRIBUCIÓN, ETC.
Lugar de publicación, distribución, etc. Matriti :
Nombre del editor, distribuidor, etc. apud Viduam, et Filium Petri Marin :
-- Typographor. ac Bibliopol. Reg. Societatis sumptibus,
Fecha de publicación, distribución, etc. 1796.
300 ## - DESCRIPCIÓN FÍSICA
Extensión [8], 1218, [2] p. ;
Dimensiones 4º.
510 4# - NOTA DE CITAS O REFERENCIAS BIBLIOGRÁFICAS
Nombre de la fuente Palau,
Localización dentro de la fuente 286171
597 ## - NOTA DE DESCRIPCIÓN FÍSICA
NOTA DE DESCRIPCIÓN FÍSICA Sign.: [calderón]4, A-Z8, 2A-2Z8, 3A-3Z8, 4A-4F8, 4G10.
650 #4 - PUNTO DE ACCESO ADICIONAL DE MATERIA--TÉRMINO DE MATERIA
Término de materia o nombre geográfico como elemento de entrada Lengua latina-
Subdivisión de forma Diccionarios-
Subdivisión general Español.
9 (RLIN) 14295
700 1# - ENTRADA AGREGADA--NOMBRE PERSONAL
Nombre de persona Cerda, Juan Luis de la,
Fechas asociadas al nombre 1560-1643
9 (RLIN) 126415
700 1# - ENTRADA AGREGADA--NOMBRE PERSONAL
Nombre de persona Cepeda, Francisco de,
Fechas asociadas al nombre s. XVIII
9 (RLIN) 37429
852 ## - LOCALIZACIÓN
Ubicación ES-MaACL
Número de control de estantería R-344
Nota libre -- Enc. hol.
Encuadernación Olim: B-691
Holdings
Estatus retirado Estado de pérdida Estado de daño No para préstamo Colección Biblioteca de origen Biblioteca actual Ubicación en estantería Fecha de adquisición Fuente de adquisición Total de préstamos Signatura topográfica completa Código de barras Visto por última vez Precio de reemplazo Tipo de ítem Koha
        Libros del s. XVIII Biblioteca del Ateneo de Madrid Biblioteca del Ateneo de Madrid Depósito 17/01/2008     R-344 1172323 23/02/2023 23/02/2023 Libro impreso antiguo